000
00271nam a2200109Ia 4500
005
20251222175922.0
008
251222s9999||||xx |||||||||||||| ||spa||
082
_a
339/L11
100
_a
La Serna Studzinski, Karlos
245
0
_a
Ejercicios de MicroeconomÃa:
942
_c
LIB
999
_c
40710
_d
40710